Bazilika Minor v Šaštíne Dejiny pútnickéhomiesta

Bibliographic Details
Main Author: Stuppacherová, Elena, 1946- (Author)
Format: Article
Language:Slovak
PhysicalDescription:Obr. 2.
Subjects:

MARC

LEADER 00000nab a2200000 a 4500
001 vtls000464478
003 SK-MaSNL
005 20260303192834.0
008 120926c1992 xo 0 slo
015 |a SNBRB19rr/mm-uuuuu 
035 |a CL0464611 
040 |a SNKBUCL  |b slo  |c SNKBUCL  |e AACR2 
041 0 |a slo 
044 |a xo  |c SK 
080 |a 264-031  |2 1981 
100 1 |a Stuppacherová, Elena,  |d 1946-  |4 aut  |9 126037 
245 1 0 |a Bazilika Minor v Šaštíne  |b Dejiny pútnickéhomiesta  |c Elena Koraušová 
300 |b Obr. 2. 
650 0 7 |a pútnické miesta  |2 snkbucl  |9 3031 
651 7 |a Šaštín-Stráže (Slovensko)  |2 snkbucl  |9 89182 
655 7 |a články z novín a časopisov  |2 snkbucl  |9 267496 
773 0 |t Národná osveta  |g Roč. 2, č. 13-14 (1992), s. 6-7 
850 |a Slovenská národná knižnica v Martine  |a MTA001 
852 |a SNK  |b KIS3GCP 
958 |a RK 
992 |a RBX 
999 |c 2148982  |d 2150912